Calculus and analytic Geometry / (Record no. 194629)
[ view plain ]
| 000 -LEADER | |
|---|---|
| fixed length control field | 01077 a2200181 4500 |
| 003 - CONTROL NUMBER IDENTIFIER | |
| control field | NUST |
| 005 - DATE AND TIME OF LATEST TRANSACTION | |
| control field | 20231128123727.0 |
| 040 ## - CATALOGING SOURCE | |
| Transcribing agency | Nust |
| 082 ## - DEWEY DECIMAL CLASSIFICATION NUMBER | |
| Classification number | 515.15,THO |
| 100 ## - MAIN ENTRY--PERSONAL NAME | |
| Personal name | Finney, Thomas |
| 9 (RLIN) | 103299 |
| 245 ## - TITLE STATEMENT | |
| Title | Calculus and analytic Geometry / |
| Statement of responsibility, etc. | Thomas / Finney |
| 250 ## - EDITION STATEMENT | |
| Edition statement | 8th ed. |
| 260 ## - PUBLICATION, DISTRIBUTION, ETC. | |
| Place of publication, distribution, etc. | USA |
| Name of publisher, distributor, etc. | Addison Wesley |
| Date of publication, distribution, etc. | 1992 |
| 300 ## - PHYSICAL DESCRIPTION | |
| Extent | xviii, 1041 p.: |
| 505 ## - FORMATTED CONTENTS NOTE | |
| Formatted contents note | The rate of change and function (Page-1), Derivatives (Page-95), Applications of derivatives (Page-180), Integration (Page-250), Applications of definite integrals (Page-315), Transcendental functions (Page-381), Integration methods (Page-444), Plane Analytic Geometry (Page-510), Hyperbolic functions (Page-552), Polar Coordinates (Page-570), Sequences and Infinite Series (Page-594), Power Series (Page-657), Vectors (Page-697), Vector Functions and Their Derivatives (Page-758), Partial Derivatives (Page-794), Multiple Integrals (Page-894), Vector Analysis (Page-938), Differential Equations (Page-996). |
| 650 ## - SUBJECT ADDED ENTRY--TOPICAL TERM | |
| Topical term or geographic name entry element | Calculus and analytic Geometry |
| 9 (RLIN) | 103069 |
| 942 ## - ADDED ENTRY ELEMENTS (KOHA) | |
| Source of classification or shelving scheme | |
| Koha item type | Book |
| Call number prefix | 515.15,THO |
| Withdrawn status | Lost status | Source of classification or shelving scheme | Damaged status | Not for loan | Permanent Location | Current Location | Shelving location | Date acquired | Full call number | Barcode | Date last seen | Price effective from | Koha item type | Public note |
|---|---|---|---|---|---|---|---|---|---|---|---|---|---|---|
| Military College of Signals (MCS) | Military College of Signals (MCS) | General Stacks | 12/12/2016 | 515.15,THO | MCS36317 | 11/18/2024 | 12/12/2016 | Book | Almirah No.13, Shelf No.3 |
